000 00732nam a2200229Ia 4500
001 15324
003 GE_BSU
008 181216s||||||||xx |||||||||||||| ||und||
040 _cGE_BSU
080 _a821.353.1-1
100 _aყოჩიაშვილი,გოჩა
245 _aგამოაგზავნე მესია
245 _bლექსები
245 _cრედ.ზ.ფირცხალაიშვილი,მხატვ. რ.ლომაძე
260 _aბათუმი
260 _bთამარიანი
260 _c1992
300 _a108გვ.17სმ.
653 _aგამოაგზავნე მესია
653 _aლექსები
942 _cBK
999 _c48432
_d48432